| 000 | 00580nam a2200205Ia 4500 | ||
|---|---|---|---|
| 005 | 20250508163822.0 | ||
| 008 | 008 250505s9999 xx 000 0 eng d | ||
| 020 | _a81-7169-613-9 | ||
| 037 | _aTextual | ||
| 040 |
_aFEDL _beng _cFEDL |
||
| 041 |
_aeng _2eng |
||
| 084 |
_a371.3, GIR _qFEDL |
||
| 100 |
_aGiridhar C H _9776445 |
||
| 245 | 0 | _aEducation in development arena | |
| 260 |
_aNew Delhi, India _bCommonewalth Publishers _c2000 |
||
| 300 | _a295p. | ||
| 650 |
_aTeacher - Techniqe _9756430 |
||
| 942 |
_cTEXL _h371.3, GIR |
||
| 999 |
_c1385439 _d1385439 |
||